000 00561nam a2200193 a 4500
005 20240815063749.0
008 021106s1997 es r 000 0 spa d
020 _a8470304364
035 _aUPN01000120771
049 _aCG
050 4 _aRC552 A5
_bC3.2
100 1 _aCaparrós, Nicolás
_928649
245 1 3 _aLa anorexia :
_buna locura del cuerpo /
_cNicolás Caparrós, Isabel Sanfeliú.
260 _aMadrid :
_bBiblioteca Nueva,
_c1997.
300 _a196 p.
650 2 _aAnorexia nerviosa
_94748
700 1 _aSanfeliú, Isabel,
_ecoaut.
905 _aLibro
999 _c93105
_d93105